000 00282nam a22001337a 4500
008 181017b xxu||||| |||| 00| 0 eng d
020 _a9780073048031
041 _aeng
080 _28th
_a540
100 _a12
101 _aKIM
245 _aChemistry
_cChang,R
942 _2udc
_cBK
999 _c50006
_d50006